Normal view
MARC view
Entry Personal Name
001 - CONTROL NUMBER
- control field: 1707
003 - CONTROL NUMBER IDENTIFIER
- control field: ARRUPE
005 - DATE AND TIME OF LATEST TRANSACTION
- control field: 20130927170306.0
008 - FIXED-LENGTH DATA ELEMENTS
- fixed length control field: 130927|| aca||aabn | a|a d
040 ## - CATALOGING SOURCE
- Original cataloging agency: ARRUPE
- Transcribing agency: ARRUPE
100 ## - HEADING--PERSONAL NAME
- Personal name: Heim, S. Mark.
670 ## - SOURCE DATA FOUND
- Source citation: Work cat.: (ARRUPE)0: Faith to Creed Consultation (1989 : Waltham, Mass.) 1702, Faith to creed :, 1991.